=LDR 00000nam 2200000 4500 =001 NUTBA000000000003044 =005 20201012083128 =035 ##$$a 0010-071400000000232 =008 201012################g##########0#ind## =020 ##$$a 978-979-29-1795-6 =040 ##$$a NBPDMAT =082 ##$$a 307.6 =090 ##$$a 307.6 $b Agu b =100 ##$$a Agus Kamaludin =245 1#$$a Buku saku sakti UAN SMA IPS (geografi, bahasa inggris, ekonomi ) /$c Agus Kamaluddin ; editor, Westriningsih =260 ##$$a Yogyakarta :$b Andi,$c 2010 =300 ##$$a vii, 414 hlm. : $b ilus. ; $c 10 x 14 =650 #4$$a Pendidikan menengah =084 ##$$a 307.6 AGU b =250 ##$$a ed.1 =990 ##$$a 21405226 =990 ##$$a 21405225 =990 ##$$a 21405222 =990 ##$$a 21405224